000 00523nam a2200181Ia 4500
999 _c5426
_d5426
003 OSt
005 20200812095821.0
008 190216s9999||||xx |||||||||||||| ||und||
020 _a8121900069
040 _coclc
082 _a519.5
_bNAG/S
100 _aNagar, A L
_94054
245 0 _aStatistical Methods Of Econometric Analysis /
_cA L Nagar ; P D Sharma
260 _bS Chand & Co,
_c1987.
_aNew Delhi:
300 _a198p
650 _aStatistics
942 _cBK
_2ddc
_h519.5
_iNAG/S
_k519.5
_mNAG/S